[Event "15PCR_PF3"]
[Site "?"]
[Date "2004.??.??"]
[Round "?"]
[White "Strnad, Jiri"]
[Black "Pytlik, Lesek"]
[Result "1/2-1/2"]
[WhiteElo "2228"]
[BlackElo "2361"]
[PlyCount "101"]
[EventDate "2004.??.??"]
[SourceDate "2005.03.08"]

1. d4 Nf6 2. c4 e6 3. Nf3 b6 4. a3 Bb7 5. Nc3 d5 6. Bg5 Be7 7. Bxf6 Bxf6 8.
cxd5 exd5 9. e3 O-O 10. Bd3 c5 11. O-O g6 12. Be2 Re8 13. Rc1 Bg7 14. Qc2 Nd7
15. Nb5 Qb8 16. Rfd1 c4 17. Nc3 a6 18. a4 Bc6 19. b3 b5 20. Rb1 Qc7 21. Rdc1
Qd6 22. bxc4 bxc4 23. h4 Rab8 24. h5 f5 25. Rxb8 Rxb8 26. Bd1 Qf6 27. Rb1 Rxb1
28. Qxb1 Bf8 29. Ne2 Bd6 30. Bc2 a5 31. Qe1 Bc7 32. Nf4 Kf7 33. Qb1 Bd6 34. Qe1
g5 35. Ne2 g4 36. Nh2 Bc7 37. Nf1 Qg5 38. Qb1 Nf6 39. Bxf5 Kg7 40. Nf4 Bxf4 41.
exf4 Qxh5 42. Ne3 g3 43. fxg3 Qe2 44. Nf1 Qe7 45. Qb6 Bxa4 46. Qxa5 Bd7 47. Qc7
Kf7 48. Bxd7 h5 49. Qb7 Qxd7 50. Qxd7+ Nxd7 51. Ne3 1/2-1/2

[Event "15PCR_PF3"]
[Site "?"]
[Date "2004.??.??"]
[Round "?"]
[White "Strnad, Jiri"]
[Black "Trcka, Vaclav"]
[Result "1-0"]
[WhiteElo "2228"]
[BlackElo "2218"]
[PlyCount "55"]
[EventDate "2004.??.??"]
[SourceDate "2005.03.08"]

1. d4 d5 2. Nf3 e6 3. Bg5 Be7 4. Bxe7 Qxe7 5. Nbd2 Nf6 6. e3 O-O 7. c4 b6 8.
Rc1 c5 9. dxc5 bxc5 10. Be2 a5 11. Qc2 Nbd7 12. O-O Ba6 13. Rfe1 Rfe8 14. e4
dxe4 15. Nxe4 Bb7 16. Bd3 Red8 17. Rcd1 a4 18. Nfg5 Nxe4 19. Bxe4 Qxg5 20. Bxb7
Rab8 21. Be4 Qf6 22. Rd2 h6 23. Red1 Ne5 24. Rxd8+ Rxd8 25. Qxa4 Rxd1+ 26. Qxd1
Nxc4 27. Qa4 Nd2 28. Qe8# 1-0

[Event "15PCR_PF3"]
[Site "?"]
[Date "2004.??.??"]
[Round "?"]
[White "Strnad, Jiri"]
[Black "Trs, Jan"]
[Result "1-0"]
[WhiteElo "2228"]
[BlackElo "2145"]
[PlyCount "93"]
[EventDate "2004.??.??"]
[SourceDate "2005.03.08"]

1. d4 Nf6 2. c4 g6 3. Nc3 d5 4. Nf3 Bg7 5. Qb3 dxc4 6. Qxc4 O-O 7. e4 Na6 8.
Be2 c5 9. d5 e6 10. O-O exd5 11. exd5 Bf5 12. Rd1 Qb6 13. h3 Rfe8 14. d6 Rad8
15. Ng5 Rd7 16. g4 Bc2 17. Rd2 h6 18. Nxf7 Rxf7 19. Rxc2 Qxd6 20. Bf4 Qb6 21.
Rd1 g5 22. Bh2 Bf8 23. Rcd2 Kg7 24. f4 Qc6 25. Rf1 Ne4 26. Nxe4 Rxe4 27. Qc3+
Qf6 28. fxg5 Qxc3 29. gxh6+ Kxh6 30. bxc3 Rxf1+ 31. Kxf1 c4 32. Bf3 Re7 33. Rd4
Nc5 34. Rxc4 b6 35. h4 Kg7 36. g5 Kg6 37. Bf4 Kg7 38. h5 Kh8 39. h6 Kh7 40. Bd1
Kg6 41. Bc1 Rd7 42. Bc2+ Kh5 43. Kg2 Nd3 44. Bd1+ Kg6 45. Rc6+ Rd6 46. Rxd6+
Bxd6 47. Bc2 1-0

[Event "15PCR_PF3"]
[Site "?"]
[Date "2004.??.??"]
[Round "?"]
[White "Trcka, Vaclav"]
[Black "Hruby, Jaromil"]
[Result "1/2-1/2"]
[WhiteElo "2218"]
[BlackElo "1800"]
[PlyCount "57"]
[EventDate "2004.??.??"]
[SourceDate "2005.03.08"]

1. d4 Nf6 2. c4 e6 3. Nc3 Bb4 4. e3 O-O 5. Bd3 d5 6. Nf3 c5 7. O-O dxc4 8. Bxc4
cxd4 9. exd4 b6 10. Bg5 Bb7 11. Qe2 Bxc3 12. bxc3 Nbd7 13. Ne5 Qc7 14. Nxd7
Nxd7 15. Rac1 Rac8 16. Bd3 Qc6 17. Qg4 h6 18. Be3 Rfd8 19. Rfd1 Nf6 20. Qg3 Ne4
21. Bxe4 Qxe4 22. Bxh6 Qxg2+ 23. Qxg2 Bxg2 24. Bxg7 Bf3 25. Bf6 Bxd1 26. Bxd8
Bf3 27. Be7 Rc7 28. Bd6 Rc6 29. Be5 1/2-1/2

[Event "15PCR_PF3"]
[Site "?"]
[Date "2004.??.??"]
[Round "?"]
[White "Trcka, Vaclav"]
[Black "Juhasz, Jozef"]
[Result "0-1"]
[WhiteElo "2218"]
[BlackElo "2188"]
[PlyCount "56"]
[EventDate "2004.??.??"]
[SourceDate "2005.03.08"]

1. d4 Nf6 2. c4 e6 3. Nc3 Bb4 4. e3 O-O 5. Bd3 d5 6. Nf3 dxc4 7. Bxc4 c5 8. O-O
cxd4 9. exd4 a6 10. Ne5 b5 11. Qf3 Qxd4 12. Qxa8 Qxe5 13. Be2 Bxc3 14. bxc3
Qxe2 15. Qxb8 Qc4 16. Rd1 Nd5 17. Bd2 f6 18. Qd6 e5 19. a4 bxa4 20. Rdb1 Re8
21. h3 h6 22. Ra3 Kh7 23. Rba1 Re6 24. Qd8 f5 25. Rxa4 Qc6 26. f3 Rg6 27. Kh1
Bb7 28. R4a2 e4 0-1

[Event "15PCR_PF3"]
[Site "?"]
[Date "2004.??.??"]
[Round "?"]
[White "Trcka, Vaclav"]
[Black "Polak, Petr"]
[Result "1/2-1/2"]
[WhiteElo "2218"]
[BlackElo "2142"]
[PlyCount "50"]
[EventDate "2004.??.??"]
[SourceDate "2005.03.08"]

1. d4 Nf6 2. c4 e6 3. Nc3 Bb4 4. e3 O-O 5. Bd3 d5 6. Nf3 c5 7. O-O Nc6 8. a3
Bxc3 9. bxc3 Qc7 10. cxd5 exd5 11. a4 Re8 12. Ba3 c4 13. Bc2 Ne4 14. Bxe4 Rxe4
15. Nd2 Re8 16. e4 dxe4 17. Re1 Be6 18. Nxe4 Bd5 19. Nd6 Rxe1+ 20. Qxe1 Rd8 21.
Rb1 b6 22. Rb5 Ne7 23. Nxc4 Qxc4 24. Qxe7 Ra8 25. Qb4 Qe2 1/2-1/2

[Event "15PCR_PF3"]
[Site "?"]
[Date "2004.??.??"]
[Round "?"]
[White "Trcka, Vaclav"]
[Black "Prchly, Milos"]
[Result "0-1"]
[WhiteElo "2218"]
[BlackElo "2279"]
[PlyCount "46"]
[EventDate "2004.??.??"]
[SourceDate "2005.03.08"]

1. c4 Nf6 2. Nc3 d5 3. cxd5 Nxd5 4. g3 c5 5. Bg2 Nc7 6. Nf3 Nc6 7. d3 e5 8. O-O
Be7 9. Nd2 O-O 10. Nc4 f6 11. f4 exf4 12. Bxf4 Ne6 13. Nd5 Nxf4 14. Nxf4 Rb8
15. Bd5+ Kh8 16. Bxc6 bxc6 17. Rc1 g5 18. Ng2 Bh3 19. Qa4 Qd7 20. Rf3 f5 21.
Qc2 f4 22. gxf4 gxf4 23. Rcf1 Qg4 0-1

[Event "15PCR_PF3"]
[Site "?"]
[Date "2004.??.??"]
[Round "?"]
[White "Trcka, Vaclav"]
[Black "Pytlik, Lesek"]
[Result "1/2-1/2"]
[WhiteElo "2218"]
[BlackElo "2361"]
[PlyCount "45"]
[EventDate "2004.??.??"]
[SourceDate "2005.03.08"]

1. d4 Nf6 2. c4 e6 3. Nc3 Bb4 4. e3 O-O 5. Bd3 d5 6. Nf3 c5 7. O-O dxc4 8. Bxc4
cxd4 9. exd4 b6 10. Bg5 Bb7 11. Qe2 Bxc3 12. bxc3 Nbd7 13. Ne5 Qc7 14. Nxd7
Nxd7 15. Rac1 e5 16. Rfe1 h6 17. Bh4 Rac8 18. Bb5 a6 19. Bxd7 Qxd7 20. dxe5 Qe6
21. f4 b5 22. Qf2 Qf5 23. Qg3 1/2-1/2

[Event "15PCR_PF3"]
[Site "?"]
[Date "2004.??.??"]
[Round "?"]
[White "Trcka, Vaclav"]
[Black "Strnad, Jiri"]
[Result "0-1"]
[WhiteElo "2218"]
[BlackElo "2228"]
[PlyCount "50"]
[EventDate "2004.??.??"]
[SourceDate "2005.03.08"]

1. c4 c5 2. Nf3 Nf6 3. Nc3 e6 4. e4 Nc6 5. Be2 Qb6 6. d3 d6 7. O-O Be7 8. a3
O-O 9. b4 Nd4 10. Rb1 Qc6 11. bxc5 dxc5 12. Nxd4 cxd4 13. Nb5 e5 14. f4 Nd7 15.
fxe5 Nxe5 16. Qe1 Bc5 17. Qg3 f6 18. Bh6 Rf7 19. a4 Bd7 20. Ra1 Re7 21. Bf4 a6
22. Na3 Qxa4 23. Nb5 Qc2 24. Nc7 Qxe2 25. Bxe5 Qe3+ 0-1

[Event "15PCR_PF3"]
[Site "?"]
[Date "2004.??.??"]
[Round "?"]
[White "Trcka, Vaclav"]
[Black "Trs, Jan"]
[Result "1-0"]
[WhiteElo "2218"]
[BlackElo "2145"]
[PlyCount "59"]
[EventDate "2004.??.??"]
[SourceDate "2005.03.08"]

1. c4 e5 2. Nc3 Nf6 3. Nf3 Nc6 4. g3 d5 5. cxd5 Nxd5 6. Bg2 Nb6 7. O-O Be7 8.
a3 Be6 9. d3 O-O 10. b4 a5 11. b5 Nd4 12. Bb2 Nb3 13. Rb1 f6 14. Nd2 Nxd2 15.
Qxd2 Nc4 16. Qc2 Nxb2 17. Qxb2 Rb8 18. Rfc1 Qd6 19. Na4 c6 20. Nc5 Bd5 21.
Bxd5+ cxd5 22. b6 f5 23. Qb5 Rf7 24. Qd7 h5 25. Qxd6 Bxd6 26. Rb5 Rc8 27. Rxa5
Rf6 28. Rc3 Bf8 29. Na4 Rxc3 30. Nxc3 1-0

[Event "15PCR_PF3"]
[Site "?"]
[Date "2004.??.??"]
[Round "?"]
[White "Trs, Jan"]
[Black "Hruby, Jaromil"]
[Result "1/2-1/2"]
[WhiteElo "2145"]
[BlackElo "1800"]
[PlyCount "94"]
[EventDate "2004.??.??"]
[SourceDate "2005.03.08"]

1. d4 Nf6 2. c4 e6 3. Nf3 b6 4. g3 Ba6 5. b3 Bb4+ 6. Bd2 Be7 7. Bg2 c6 8. Bc3
d5 9. Nbd2 Nbd7 10. O-O O-O 11. Re1 c5 12. e4 dxe4 13. Nxe4 Bb7 14. Nfg5 Nxe4
15. Nxe4 cxd4 16. Qxd4 e5 17. Qd3 Qc7 18. Rad1 Rad8 19. Qf3 Ba8 20. Qh5 a6 21.
Bd2 Bxe4 22. Bxe4 Nf6 23. Qe2 Nxe4 24. Qxe4 f6 25. Bc3 b5 26. Rd5 Rxd5 27.
Qxd5+ Kh8 28. Qe6 bxc4 29. bxc4 Qb7 30. Qd5 Qxd5 31. cxd5 Rc8 32. Ba5 Kg8 33.
f4 Kf7 34. fxe5 Rc5 35. Bb4 Rxd5 36. Bxe7 Kxe7 37. exf6+ Kxf6 38. Re4 Rd1+ 39.
Kf2 Rd2+ 40. Re2 Rxe2+ 41. Kxe2 Kf5 42. Ke3 Kg4 43. Kf2 a5 44. Kg2 a4 45. Kf2
Kh3 46. Kg1 g5 47. Kh1 Kg4 1/2-1/2

[Event "15PCR_PF3"]
[Site "?"]
[Date "2004.??.??"]
[Round "?"]
[White "Trs, Jan"]
[Black "Polak, Petr"]
[Result "1-0"]
[WhiteElo "2145"]
[BlackElo "2142"]
[PlyCount "54"]
[EventDate "2004.??.??"]
[SourceDate "2005.03.08"]

1. e4 e5 2. Nf3 Nc6 3. Bb5 a6 4. Ba4 Nf6 5. O-O Be7 6. Re1 b5 7. Bb3 d6 8. c3
O-O 9. h3 Na5 10. Bc2 c5 11. d4 Qc7 12. Nbd2 cxd4 13. cxd4 Nc6 14. Nb3 a5 15.
Be3 a4 16. Nbd2 Bb7 17. Rc1 Rac8 18. Bd3 Qb8 19. Qe2 Nb4 20. Bb1 Rxc1 21. Rxc1
Rc8 22. Rxc8+ Bxc8 23. b3 axb3 24. Nxb3 Bd7 25. Bd2 Nc6 26. d5 Nd8 27. Bb4 Bf8
1-0

[Event "15PCR_PF3"]
[Site "?"]
[Date "2004.??.??"]
[Round "?"]
[White "Trs, Jan"]
[Black "Pytlik, Lesek"]
[Result "0-1"]
[WhiteElo "2145"]
[BlackElo "2361"]
[PlyCount "114"]
[EventDate "2004.??.??"]
[SourceDate "2005.03.08"]

1. d4 Nf6 2. c4 e6 3. Nc3 Bb4 4. e3 O-O 5. Bd3 d5 6. Nf3 c5 7. O-O dxc4 8. Bxc4
cxd4 9. exd4 b6 10. Re1 Bb7 11. Bd3 Nc6 12. a3 Be7 13. Bc2 Qd7 14. Qd3 Rad8 15.
d5 exd5 16. Bg5 g6 17. Ba4 d4 18. Nb5 Nh5 19. Bh6 Bf6 20. Bxf8 Kxf8 21. Nxa7
Ne5 22. Nxe5 Qxa4 23. Qc4 Qxc4 24. Nxc4 Nf4 25. g3 Nh3+ 26. Kf1 Ng5 27. h4 Nf3
28. Red1 Ba6 29. b3 d3 30. Rab1 Bb7 31. Nb5 Be7 32. a4 Bb4 33. Rb2 Bc8 34. Kg2
Ne1+ 35. Kg1 Bg4 36. Rbb1 d2 37. Ra1 Rd7 38. Nxb6 Re7 39. Nd5 Nc2 40. Nxe7 Nxa1
41. Nxg6+ hxg6 42. Rxa1 d1=Q+ 43. Rxd1 Bxd1 44. Nd4 Bc5 45. Nc6 Bxb3 46. a5 f6
47. g4 Bd5 48. Nb8 Be6 49. a6 Bxg4 50. Nc6 Bf3 51. Na5 Ke7 52. Nb3 Ba7 53. Kf1
Ke6 54. Nd2 Bc6 55. f3 Ke5 56. Ne4 Bxe4 57. fxe4 Kxe4 0-1

[Event "15PCR_PF3"]
[Site "?"]
[Date "2004.??.??"]
[Round "?"]
[White "Trs, Jan"]
[Black "Strnad, Jiri"]
[Result "0-1"]
[WhiteElo "2145"]
[BlackElo "2228"]
[PlyCount "118"]
[EventDate "2004.??.??"]
[SourceDate "2005.03.08"]

1. e4 c5 2. Nf3 Nc6 3. d4 cxd4 4. Nxd4 Nf6 5. Nc3 d6 6. Bc4 e6 7. Be3 a6 8. Qe2
Be7 9. O-O-O Qc7 10. Bb3 Na5 11. g4 b5 12. g5 Nxb3+ 13. axb3 Nd7 14. h4 b4 15.
Na4 Nc5 16. h5 Nxe4 17. g6 O-O 18. gxh7+ Kh8 19. Rhg1 e5 20. Nf3 Be6 21. Nd2
Nf6 22. f4 Rac8 23. Nc4 Bxc4 24. Qg2 Nxh5 25. bxc4 exf4 26. Bd4 Ng3 27. b3 Bg5
28. Kb1 Qc6 29. Qd2 f6 30. Nb6 Rce8 31. Nd5 Re2 32. Qxb4 Ne4 33. Ne7 Qe8 34.
Nd5 f3 35. Kb2 a5 36. Qxa5 f2 37. Rgf1 Nd2 38. Rxf2 Rxf2 39. Bxf2 Qe2 40. Rxd2
Bxd2 41. Qa7 Qf1 42. Bd4 Qc1+ 43. Ka2 Qxc2+ 44. Ka3 Qxh7 45. Kb2 Qe4 46. Ka3
Bh6 47. Kb4 f5 48. Qb6 Qe6 49. Qc6 f4 50. Nc7 Qe7 51. Qh1 Kh7 52. Nd5 Qe2 53.
Qb1+ Kg8 54. Kb5 Qe8+ 55. Kb4 f3 56. Qg1 Qe2 57. Kb5 Qd3 58. Kc6 Qxb3 59. Nb6
f2 0-1

[Event "15PCR_PF3"]
[Site "?"]
[Date "2004.??.??"]
[Round "?"]
[White "Juhasz, Jozef"]
[Black "Prchly, Milos"]
[Result "0-1"]
[WhiteElo "2188"]
[BlackElo "2279"]
[PlyCount "94"]
[EventDate "2004.??.??"]
[SourceDate "2005.03.08"]

1. e4 c5 2. Nf3 d6 3. d4 cxd4 4. Nxd4 Nf6 5. Nc3 g6 6. Be3 Bg7 7. Be2 Nc6 8.
O-O O-O 9. f3 d5 10. Nb3 dxe4 11. fxe4 Qxd1 12. Raxd1 Bg4 13. Nc1 Bxe2 14.
N1xe2 Rfd8 15. h3 Ne8 16. a3 Rac8 17. Rxd8 Rxd8 18. g4 Be5 19. Kg2 Nd6 20. Rd1
f6 21. Bc5 a6 22. Kf3 Kf7 23. a4 Rh8 24. b4 b6 25. Bxd6 Bxd6 26. b5 Ne5+ 27.
Kf2 a5 28. Nd5 Rc8 29. Kf1 Rxc2 30. Nxb6 Nf3 31. Nd7 Nd2+ 32. Kf2 Nc4 33. b6
Rb2 34. Rd5 Ke8 35. Nc5 Rxb6 36. Nd3 Rb3 37. g5 fxg5 38. Nec1 Ra3 39. Rxg5 e5
40. Rg2 Rc3 41. h4 Be7 42. h5 Bh4+ 43. Kg1 g5 44. Kh2 Ke7 45. Kg1 Kf6 46. Kh2
Kg7 47. Kh3 Kh6 0-1

[Event "15PCR_PF3"]
[Site "?"]
[Date "2004.??.??"]
[Round "?"]
[White "Prchly, Milos"]
[Black "Juhasz, Jozef"]
[Result "1-0"]
[WhiteElo "2279"]
[BlackElo "2188"]
[PlyCount "93"]
[EventDate "2004.??.??"]
[SourceDate "2005.03.08"]

1. d4 Nf6 2. c4 e6 3. Nc3 Bb4 4. e3 O-O 5. Bd3 d5 6. Nf3 c5 7. O-O dxc4 8. Bxc4
cxd4 9. exd4 a6 10. a4 Nc6 11. Bg5 h6 12. Bh4 Be7 13. Re1 Qa5 14. Ne5 Qb4 15.
Nxc6 bxc6 16. Qe2 Rd8 17. Red1 Nd5 18. Bxe7 Nxe7 19. a5 Nf5 20. Ra4 Qe7 21. Ba2
Rb8 22. Bb1 Qc7 23. h3 Ne7 24. Rd2 Nd5 25. Qe5 Qxe5 26. dxe5 f6 27. exf6 gxf6
28. Rc4 f5 29. g4 Rd7 30. Na4 fxg4 31. hxg4 Rg7 32. Kh2 Rb5 33. b4 Kf7 34. Rb2
Ke7 35. Bd3 Kd6 36. Nc5 e5 37. f3 Rb8 38. Kh1 Rg8 39. Be4 Rb5 40. Rh2 Rh8 41.
g5 h5 42. Rd2 Rd8 43. g6 Rg8 44. Rd3 h4 45. Kh2 Rxb4 46. Rxb4 Kxc5 47. Rb8 1-0

[Event "15PCR_PF3"]
[Site "?"]
[Date "2004.??.??"]
[Round "?"]
[White "Prchly, Milos"]
[Black "Strnad, Jiri"]
[Result "1-0"]
[WhiteElo "2279"]
[BlackElo "2228"]
[PlyCount "125"]
[EventDate "2004.??.??"]
[SourceDate "2005.03.08"]

1. d4 d5 2. c4 c6 3. Nc3 Nf6 4. e3 e6 5. Nf3 Nbd7 6. Qc2 Bd6 7. Be2 O-O 8. O-O
e5 9. cxd5 cxd5 10. dxe5 Nxe5 11. Rd1 Nxf3+ 12. Bxf3 Qc7 13. h3 Bh2+ 14. Kh1
Be5 15. Qb3 Bf5 16. Bxd5 Bxc3 17. Qxc3 Qe7 18. Bf3 Be4 19. Be2 Rfc8 20. Qe1 Qe5
21. f3 Bc6 22. Bd2 Nh5 23. Bd3 Qxb2 24. Bc3 Qa3 25. Bd4 Qe7 26. Rac1 Rd8 27.
Qf2 Rd5 28. e4 Rd7 29. Bxa7 Qa3 30. Bd4 Nf4 31. Bf1 Rad8 32. Bc5 Qa8 33. Rxd7
Rxd7 34. Qc2 Ne6 35. Be3 h6 36. Bc4 Qa5 37. Qc3 Qc7 38. Bxe6 fxe6 39. a4 Qd6
40. a5 Qd3 41. Qc5 Qb5 42. Qxb5 Bxb5 43. h4 Rd3 44. Rc8+ Kf7 45. Rc7+ Rd7 46.
Rc5 Ba4 47. Bf4 Bd1 48. Kg1 Be2 49. Kf2 Bd1 50. h5 Ba4 51. Ke3 Kg8 52. Rc8+ Kh7
53. Bb8 Bb5 54. Kf4 Rd2 55. Rc7 Rd7 56. Rc2 Bd3 57. Rc1 Ba6 58. Ke5 Rd2 59.
Kxe6 Rxg2 60. Be5 Be2 61. f4 Bxh5 62. Rc7 Bf3 63. Kd5 1-0

[Event "15PCR_PF3"]
[Site "?"]
[Date "2004.??.??"]
[Round "?"]
[White "Trs, Jan"]
[Black "Juhasz, Jozef"]
[Result "1-0"]
[WhiteElo "2145"]
[BlackElo "2188"]
[PlyCount "109"]
[EventDate "2004.??.??"]
[SourceDate "2005.03.08"]

1. c4 Nf6 2. Nc3 e5 3. Nf3 Nc6 4. g3 d5 5. cxd5 Nxd5 6. Bg2 Nxc3 7. bxc3 e4 8.
Ng1 f5 9. f3 e3 10. dxe3 Qf6 11. f4 Bb4 12. Bd2 Bxc3 13. Rc1 Bxd2+ 14. Qxd2 O-O
15. Bxc6 bxc6 16. Nf3 Rb8 17. O-O Rb2 18. Rc2 Rb6 19. Ne5 Rd8 20. Qc1 Bb7 21.
Rd2 Rxd2 22. Qxd2 c5 23. Qd7 h6 24. Qxc7 Qd6 25. Qf7+ Kh8 26. Nd7 Ra6 27. g4
Bd5 28. Ne5 Bxf7 29. Nxf7+ Kg8 30. Nxd6 Rxd6 31. gxf5 Rd2 32. Kf2 Rxa2 33. Rb1
a6 34. e4 Ra4 35. Rb8+ Kf7 36. Kf3 Rb4 37. Rc8 c4 38. e5 Ke7 39. Rc7+ Kf8 40.
Ke4 a5 41. Kd5 Rb8 42. Rxc4 Rd8+ 43. Ke6 Ra8 44. Ra4 Ke8 45. h4 Ra6+ 46. Kd5
Ke7 47. h5 Ra8 48. Kc6 Rc8+ 49. Kb6 Rc2 50. e4 Rf2 51. Rxa5 Rxf4 52. Ra7+ Kf8
53. Ra4 Rf2 54. Kc6 Rd2 55. e6 1-0

[Event "15PCR_PF3"]
[Site "?"]
[Date "2004.??.??"]
[Round "?"]
[White "Polak, Petr"]
[Black "Juhasz, Jozef"]
[Result "0-1"]
[WhiteElo "2142"]
[BlackElo "2188"]
[PlyCount "80"]
[EventDate "2004.??.??"]
[SourceDate "2005.03.08"]

1. e4 e5 2. Nf3 Nc6 3. Bb5 a6 4. Ba4 Nf6 5. O-O b5 6. Bb3 Bd6 7. d4 Bb7 8. Re1
O-O 9. Bg5 h6 10. Bh4 Re8 11. c3 exd4 12. cxd4 g5 13. e5 gxh4 14. exd6 Na5 15.
Nbd2 cxd6 16. Rxe8+ Nxe8 17. h3 Qf6 18. a4 b4 19. Qc2 Ng7 20. Re1 Ne6 21. Ne4
Qf4 22. d5 Rc8 23. Qd3 Nxb3 24. Qxb3 Nc5 25. Qxb4 Bxd5 26. Qd2 Qxd2 27. Nfxd2
Be6 28. Nxd6 Rc6 29. N6e4 Nxa4 30. b3 Nb2 31. Nf3 Bxb3 32. Ne5 Rc2 33. Nxd7 Be6
34. Ndc5 a5 35. Nf6+ Kg7 36. Nh5+ Kg6 37. Nf4+ Kf6 38. Nfxe6 fxe6 39. Rxe6+ Kf7
40. Rxh6 Rxc5 0-1

[Event "15PCR_PF3"]
[Site "?"]
[Date "2004.??.??"]
[Round "?"]
[White "Hruby, Jaromil"]
[Black "Prchly, Milos"]
[Result "1/2-1/2"]
[WhiteElo "2000"]
[BlackElo "2279"]
[PlyCount "88"]
[EventDate "2004.??.??"]
[SourceDate "2005.03.08"]

1. e4 e5 2. Nf3 Nf6 3. d4 Nxe4 4. Bd3 d5 5. Nxe5 Bd6 6. O-O O-O 7. c4 Bxe5 8.
dxe5 Nc6 9. cxd5 Qxd5 10. Qc2 Nb4 11. Bxe4 Nxc2 12. Bxd5 Bf5 13. g4 Bxg4 14.
Be4 Nxa1 15. Nc3 c6 16. Bf4 f5 17. exf6 Nb3 18. axb3 Rxf6 19. Be5 Rf7 20. Bd3
Rd7 21. Bc4+ Kf8 22. f4 Bf5 23. Ra1 a6 24. Na4 Rad8 25. Nc5 Re7 26. b4 Rd2 27.
Re1 g6 28. Rc1 Bh3 29. Ne4 Rg2+ 30. Kh1 Rxb2 31. Ng5 Rxe5 32. fxe5 Bf5 33.
Nxh7+ Ke7 34. Nf6 Rxb4 35. Kg2 Rb1 36. Rxb1 Bxb1 37. Kf2 b5 38. Bg8 a5 39. Ke3
a4 40. Kd4 g5 41. Ne4 Bxe4 42. Kxe4 c5 43. Ke3 c4 44. Kd4 a3 1/2-1/2

[Event "15PCR_PF3"]
[Site "?"]
[Date "2004.??.??"]
[Round "?"]
[White "Juhasz, Jozef"]
[Black "Trs, Jan"]
[Result "1-0"]
[WhiteElo "2188"]
[BlackElo "2145"]
[PlyCount "135"]
[EventDate "2004.??.??"]
[SourceDate "2005.03.08"]

1. e4 c6 2. d4 d5 3. e5 Bf5 4. Nf3 e6 5. Nbd2 Nd7 6. Be2 Ne7 7. Nb3 Ng6 8. O-O
Bg4 9. Be3 Be7 10. c3 O-O 11. Re1 c5 12. h3 Bxf3 13. Bxf3 Rc8 14. Qe2 cxd4 15.
cxd4 Nb6 16. Na5 Qd7 17. Rac1 Bb4 18. Bd2 Qa4 19. Nxb7 Bxd2 20. Qxd2 Nc4 21.
Qc3 Qxa2 22. b3 Ncxe5 23. Qxc8 Nxf3+ 24. gxf3 Rxc8 25. Rxc8+ Nf8 26. Nc5 Qd2
27. Re5 Qc1+ 28. Kg2 g6 29. f4 h5 30. Re3 h4 31. Ra8 Kg7 32. Rxa7 Qb2 33. Nxe6+
Nxe6 34. Rxe6 Qxd4 35. Ree7 Kg8 36. Ra8+ Kg7 37. Rd8 Qxf4 38. Rxd5 g5 39. Rd3
g4 40. hxg4 Qxg4+ 41. Kf1 Kf6 42. Ree3 Kf5 43. Rc3 Qd1+ 44. Kg2 Qg4+ 45. Kh2
Qf4+ 46. Kg1 Qg4+ 47. Kh1 Qd1+ 48. Kh2 Qd6+ 49. Kg2 Qd5+ 50. Rf3+ Kg5 51. Rc4
h3+ 52. Kg3 Qd1 53. Rg4+ Kh5 54. Rf5+ Kh6 55. Rf6+ Kh5 56. Rgf4 Qg1+ 57. Kxh3
Qh1+ 58. Kg3 Qg1+ 59. Kf3 Qd1+ 60. Kg2 Qxb3 61. R4f5+ Kh4 62. Rf3 Qb8 63. Rxf7
Qg8+ 64. Kh2 Qb8+ 65. Rg3 Qb1 66. Rh7+ Qxh7 67. Rh3+ Kg5 68. Rxh7 1-0

[Event "15PCR_PF3"]
[Site "?"]
[Date "3.??.??"]
[Round "?"]
[White "Prchly, Milos"]
[Black "Hruby, Jaromil"]
[Result "1/2-1/2"]
[WhiteElo "2279"]
[BlackElo "2000"]
[PlyCount "82"]
[EventDate "2004.??.??"]
[SourceDate "2005.03.08"]

1. d4 Nf6 2. c4 e6 3. Nc3 Bb4 4. e3 O-O 5. Bd3 d5 6. Nf3 c5 7. O-O dxc4 8. Bxc4
cxd4 9. exd4 b6 10. Bg5 Bb7 11. Re1 Nbd7 12. Rc1 Rc8 13. Bd3 h6 14. Bh4 a6 15.
a3 Bxc3 16. bxc3 Qe7 17. a4 Qa3 18. c4 Rfd8 19. Re3 Bxf3 20. Rxf3 Qb4 21. Re3
Kh8 22. Rb1 Qd6 23. Be2 Qf4 24. Bg3 Qg5 25. f4 Qa5 26. Qc2 b5 27. axb5 axb5 28.
c5 Nb8 29. Bxb5 Rxd4 30. f5 Rd5 31. fxe6 Rdxc5 32. Qb3 fxe6 33. Qxe6 Rc1+ 34.
Re1 Qd2 35. Rbxc1 Rxc1 36. h3 Qd4+ 37. Bf2 Rxe1+ 38. Qxe1 Qd5 39. Qe2 Ne4 40.
Bc4 Qf5 41. Bd3 Nd7 1/2-1/2

[Event "15PCR_PF3"]
[Site "?"]
[Date "2004.??.??"]
[Round "?"]
[White "Trs, Jan"]
[Black "Prchly, Milos"]
[Result "1-0"]
[WhiteElo "2145"]
[BlackElo "2279"]
[PlyCount "95"]
[EventDate "2004.??.??"]
[SourceDate "2005.03.08"]

1. c4 Nf6 2. Nf3 d5 3. d4 e6 4. Nc3 Bb4 5. cxd5 exd5 6. Bg5 Qd6 7. Bxf6 Qxf6 8.
Qb3 c5 9. dxc5 Bxc3+ 10. bxc3 O-O 11. Nd4 Be6 12. Qxb7 Nd7 13. c6 Rfb8 14. Qc7
Ne5 15. g3 Rc8 16. Qd6 Nxc6 17. Qf4 Nxd4 18. Qxf6 Nc2+ 19. Kd2 d4 20. Qxe6 fxe6
21. Kxc2 Rxc3+ 22. Kd1 Rb8 23. Rc1 Rb2 24. e3 Rxf2 25. exd4 Rxc1+ 26. Kxc1 Rxa2
27. Bd3 Kf7 28. Bc2 Ra1+ 29. Bb1 Ra4 30. Rd1 h6 31. Kb2 Ke7 32. Bc2 Ra5 33. Kc3
Kd6 34. Bb3 e5 35. d5 Rc5+ 36. Bc4 Ra5 37. Kb4 Rc5 38. Ra1 a5+ 39. Rxa5 Rxa5
40. Kxa5 Kc5 41. Ka4 g5 42. Kb3 g4 43. Kc2 e4 44. Kd2 Kd6 45. Ke3 Ke5 46. Ba2
h5 47. Bb3 Kd6 48. Kxe4 1-0

[Event "15PCR_PF3"]
[Site "?"]
[Date "2004.??.??"]
[Round "?"]
[White "Prchly, Milos"]
[Black "Trs, Jan"]
[Result "1-0"]
[WhiteElo "2279"]
[BlackElo "2145"]
[PlyCount "107"]
[EventDate "2004.??.??"]
[SourceDate "2005.03.08"]

1. d4 Nf6 2. c4 g6 3. Nc3 Bg7 4. e4 d6 5. Be2 O-O 6. Bg5 c5 7. d5 h6 8. Bf4 Qb6
9. Qd2 Kh7 10. Nf3 e5 11. dxe6 Bxe6 12. O-O Nc6 13. Rad1 Ne5 14. Nxe5 dxe5 15.
Be3 Rad8 16. Qc2 Qc6 17. Nd5 b6 18. a3 Qb7 19. b4 cxb4 20. axb4 Rc8 21. Qd3
Rfd8 22. Qb1 Ne8 23. f3 f5 24. Qa1 Ra8 25. Qa3 f4 26. Bf2 Nc7 27. b5 Rd7 28.
Ra1 Qb8 29. Rfc1 Bf7 30. Nxc7 Rxc7 31. Qa6 Rb7 32. c5 bxc5 33. Bxc5 Rc7 34. Bf2
Rxc1+ 35. Rxc1 Bf8 36. Ra1 Qc8 37. b6 Qxa6 38. Rxa6 Rc8 39. Rxa7 Rc1+ 40. Bf1
Kg8 41. Rc7 Rb1 42. g3 fxg3 43. hxg3 Be8 44. Kg2 Bd6 45. Bc4+ Kf8 46. Rc8 Rb2
47. g4 h5 48. gxh5 gxh5 49. f4 h4 50. f5 Ke7 51. Kf3 h3 52. f6+ Kd7 53. Ra8
Bh5+ 54. Kg3 1-0

[Event "15PCR_PF3"]
[Site "?"]
[Date "2004.??.??"]
[Round "?"]
[White "Pytlik, Lesek"]
[Black "Polak, Petr"]
[Result "1-0"]
[WhiteElo "2361"]
[BlackElo "2142"]
[PlyCount "97"]
[EventDate "2004.??.??"]
[SourceDate "2005.03.08"]

1. e4 e5 2. Nf3 Nc6 3. Bc4 Bc5 4. c3 Nf6 5. d3 d6 6. O-O O-O 7. b4 Bb6 8. a4 a6
9. a5 Ba7 10. Bg5 Ne7 11. Bxf6 gxf6 12. Qc1 Ng6 13. Qh6 Kh8 14. Nh4 Nxh4 15.
Qxh4 Rg8 16. Kh1 Rg4 17. Qh5 f5 18. exf5 Rf4 19. Qe2 Qf6 20. Nd2 Qxf5 21. f3
Qg6 22. g3 Rf5 23. Rae1 Rh5 24. g4 Rh4 25. d4 Bd7 26. Bd5 c6 27. Ba2 Re8 28.
Ne4 d5 29. Qf2 Rh3 30. Nc5 Bxc5 31. bxc5 e4 32. Qg2 Qh6 33. g5 Qh5 34. c4 Rg8
35. f4 Be6 36. cxd5 cxd5 37. Rf2 Ra3 38. Qg1 f6 39. Rg2 fxg5 40. f5 Bf7 41. Re3
Rxa5 42. Qe1 Rb5 43. Reg3 Qh4 44. Qg1 Rb4 45. Qe3 g4 46. Qa3 Rb5 47. c6 Qf6 48.
Rxg4 Rc8 49. Rg7 1-0

[Event "15PCR_PF3"]
[Site "?"]
[Date "2004.??.??"]
[Round "?"]
[White "Polak, Petr"]
[Black "Trcka, Vaclav"]
[Result "1-0"]
[WhiteElo "2142"]
[BlackElo "2218"]
[PlyCount "51"]
[EventDate "2004.??.??"]
[SourceDate "2005.03.08"]

1. e4 c5 2. Nf3 Nc6 3. d4 cxd4 4. Nxd4 Nf6 5. Nc3 e5 6. Ndb5 d6 7. Nd5 Nxd5 8.
exd5 Ne7 9. c4 Nf5 10. Bd3 Be7 11. O-O O-O 12. b4 a6 13. Nc3 a5 14. bxa5 Re8
15. Re1 Qxa5 16. Nb5 g6 17. a4 Qd8 18. Bd2 Bd7 19. a5 Ra6 20. Qb3 Qb8 21. Nc3
Nd4 22. Qb2 Ra7 23. Qb4 Bf5 24. Bxf5 Nxf5 25. Reb1 Qc8 26. Qb6 1-0